Tạo dòng lạc chịu hạn bằng công nghệ tế bào thực vật /
Bewaard in:
| Hoofdauteur: | |
|---|---|
| Andere auteurs: | , |
| Formaat: | Artikel |
| Taal: | Vietnamese |
| Onderwerpen: | |
| Tags: |
Voeg label toe
Geen labels, Wees de eerste die dit record labelt!
|
| Thư viện lưu trữ: | Thư viện Trường Đại học Đà Lạt |
|---|
| LEADER | 00967nam a2200325 4500 | ||
|---|---|---|---|
| 001 | DLU190000048 | ||
| 005 | ##20190612 | ||
| 040 | # | # | |a DLU |b vie |
| 041 | # | # | |a vie |
| 044 | # | # | |a vn |
| 100 | # | # | |a Vũ Thị Thu Thủy. |
| 245 | # | # | |a Tạo dòng lạc chịu hạn bằng công nghệ tế bào thực vật / |c Vũ Thị Thu Thủy, Nguyễn Thị Tâm, Chu Hoàng Mậu. |
| 653 | # | # | |a Chịu chiếu xạ |
| 653 | # | # | |a Chịu hạn |
| 653 | # | # | |a Chịu mất nước |
| 653 | # | # | |a Gen cystatin |
| 653 | # | # | |a Lạc |
| 653 | # | # | |a Mô sẹo |
| 700 | # | # | |a Chu Hoàng Mậu. |
| 700 | # | # | |a Nguyễn Thị Tâm. |
| 773 | # | # | |t Tạp chí Sinh học |g Số 3, 2013, tr. 357-362 |
| 920 | # | # | |a Phòng Tạp chí -- Trung tâm Thông tin - Thư viện Trường Đại học Đà Lạt |
| 994 | # | # | |a DLU |
| 900 | # | # | |a True |
| 911 | # | # | |a Hoàng Thị Huyền |
| 925 | # | # | |a G |
| 926 | # | # | |a A |
| 927 | # | # | |a BB |
| 980 | # | # | |a Thư viện Trường Đại học Đà Lạt |